000 01632nam a2200325Ia 4500
999 _c53496
_d53496
001 20542
003 GE_BSU
005 20210204150049.0
008 181216s2014||||ge |||||||||||||| ||geo||
020 _a9789941457081
040 _cGE_BSU
041 _ageo
080 _a316.346.2 T-44
100 _a
_910096
245 4 _aThe Study of Georgian Youth's Awareness, Perceptions and Attitudes of Gender Equality /
_cElene Japaridze, Maia Barkaia, Nina Zhghenti, Mariam Amashuk ; Georgian Language ed. Lia Katcharava ; transl. : Diana Lezhava, Beqa Lezhava. eli ;
264 _aTbilisi :
_bNekeri,
_c2014.
300 _a240 p. ;
_c20 cm.
504 _aBibl. : p. 225-230
546 _aგარეკანზე სათაური აგრეთვე ქართულ ენაზე ; ტექსტი ინგლისურ და ქართულ ენებზე
653 _aThe Study of Georgian Youth's Awareness, Perceptions and Attitudes of Gender Equality
653 _aგენდერული თანასწორობა საქართველოში
700 _aJaparidze, Elene
_eAuthor
_910097
700 _aBarkaia, Maia
_eAuthor
_910098
700 _aZhghenti, Nina
_eAuthor
_910099
700 _a Amashukeli, Mariam
_eAuthor
_910100
700 _aKatcharava, Lia
_eGeorgian Language editor
_910101
700 _a Lezhava, Diana
_eTranslate
_910102
700 _aLezhava, Beqa
_eTranslate
_910103
942 _cBK
_2udc